<?xml version="1.0" encoding="UTF-8"?>
<marc:record xmlns:marc="http://www.loc.gov/MARC21/slim">
   <marc:leader>00000nam a2200000 a 4500</marc:leader>
   <marc:datafield ind1="1" ind2=" " tag="100">
      <marc:subfield code="a">Auer, Margit</marc:subfield>
      <marc:subfield code="4">aut</marc:subfield>
      <marc:subfield code="e">Verfasser/-in</marc:subfield>
   </marc:datafield>
   <marc:datafield ind1="0" ind2="0" tag="245">
      <marc:subfield code="a">Franka und Cooper</marc:subfield>
   </marc:datafield>
   <marc:datafield ind1=" " ind2="1" tag="264">
      <marc:subfield code="b">Carlsen</marc:subfield>
      <marc:subfield code="c">2023</marc:subfield>
   </marc:datafield>
   <marc:datafield ind1="1" ind2=" " tag="490">
      <marc:subfield code="a">Die Schule der magischen Tiere - Endlich Ferien</marc:subfield>
   </marc:datafield>
   <marc:datafield ind1="1" ind2=" " tag="520">
      <marc:subfield code="a">ranka und ihre magische Ratte Cooper fliegen nach London. In die Heimat von König Charles - und Cooper! "Voll cool, Baby!", findet die magische Ratte. Kaum angekommen, haben die beiden alle Hände voll zu tun: Sie helfen Frankas Tante im Hotel, gehen auf Schnitzeljagd und jagen schon bald eine Juwelendiebin! Zum Glück ist Cooper ein echter Meisterdetektiv ...</marc:subfield>
   </marc:datafield>
   <marc:datafield ind1=" " ind2=" " tag="020">
      <marc:subfield code="a">9783551653383</marc:subfield>
      <marc:subfield code="9">9783551653383</marc:subfield>
   </marc:datafield>
</marc:record>
